Παιδική ποίηση
Αποθηκεύτηκε σε:
| Κύριος συγγραφέας: | |
|---|---|
| Άλλοι συγγραφείς: | |
| Μορφή: | Βιβλίο |
| Γλώσσα: | Greek |
| Δημοσίευση: |
Αθήνα :
Καψάσκης,
1994
|
| Θέματα: | |
| Ετικέτες: |
Προσθήκη ετικέτας
Δεν υπάρχουν, Καταχωρήστε ετικέτα πρώτοι!
|
MARC
| LEADER | 00000nam a2200000 i 4500 | ||
|---|---|---|---|
| 001 | 1/10511 | ||
| 008 | 000901s1994 gre d | ||
| 020 | |a 960-85392-2-6 | ||
| 035 | |l 10063459 | ||
| 040 | |a GR-MY-UA |b gre |e aacr | ||
| 041 | 0 | |a gre | |
| 082 | 0 | |a 808.810083 | |
| 100 | 1 | |a Σακελλαρίου, Χάρης Ν. |d 1923- | |
| 245 | 1 | 0 | |a Παιδική ποίηση / |c Χάρης Σακελλαρίου ; επιλογή - επιμέλεια Θανάσης Ντζούφρας |
| 260 | |a Αθήνα : |b Καψάσκης, |c 1994 | ||
| 300 | |a 228 σ.; |c 24 cm | ||
| 650 | 0 | 0 | |a Children's poetry, Greek (Modern) |
| 700 | 1 | |a Ντζούφρας, Θανάσης. |4 edt | |
| 852 | |a INST |b RHODES |e 20000901 |h 808.810083 ΣΑΚ |p 005400013449 |q 005400013449 |t BK |y 0 | ||
| 901 | |a BIBL4-2000-2 | ||
| 909 | |a Ρ |b 073853 | ||
| 922 | |a 4ΔΩΡ |b 200004 |c ΔΩΡΕΑ | ||
| 970 | |z 2000/08/ΧΡΥΣΑΝΘΗ | ||